000 00583nam a2200157 a 4500
008 120416s1971 ||||||||||||||||| || u
050 _aHD 77.5.I4 Bha
100 _aBharier, Julian
245 1 0 _aEconomic development in Iran 1900 - 1970
260 _aLondon
_bOxford University Press
_c1971
300 _axiii, 314p. : ill.
350 _a0.00
650 _aECONOMIC DEVELOPMENT--IRAN--1900-1970
650 0 _aMANAGEMENT
995 _D0.00
_FCBU-MAIN LIBRARY (Kitwe)
_H1
_I3.95
_M1
_UAVAILABLE
_ZAnnex Low-Usage Collection
999 _c40803
_d40803